<?xml version="1.0" encoding="UTF-8"?>
<record
    xmlns:xsi="http://www.w3.org/2001/XMLSchema-instance"
    xsi:schemaLocation="http://www.loc.gov/MARC21/slim http://www.loc.gov/standards/marcxml/schema/MARC21slim.xsd"
    xmlns="http://www.loc.gov/MARC21/slim">

  <leader>03002nam a2200541Ia 4500</leader>
  <controlfield tag="001">1222</controlfield>
  <controlfield tag="008">241029s9999    xx            000 0 und d</controlfield>
  <datafield tag="010" ind1=" " ind2=" ">
    <subfield code="a">1130</subfield>
  </datafield>
  <datafield tag="041" ind1=" " ind2=" ">
    <subfield code="a">Espa&#xF1;ol</subfield>
  </datafield>
  <datafield tag="082" ind1=" " ind2=" ">
    <subfield code="a">UNIBE ES-0056</subfield>
  </datafield>
  <datafield tag="245" ind1=" " ind2="0">
    <subfield code="a">Nivel de Satisfacci&#xF3;n Emocional en el Aprendizaje de los Estudiantes, Frente a los Distractores del Espacio Arquitect&#xF3;nico de la Cl&#xED;nica Odontol&#xF3;gica de la Universidad Iberoamericana (UNIBE)</subfield>
  </datafield>
  <datafield tag="260" ind1=" " ind2=" ">
    <subfield code="a">Santo Domingo</subfield>
  </datafield>
  <datafield tag="300" ind1=" " ind2=" ">
    <subfield code="a">127</subfield>
  </datafield>
  <datafield tag="520" ind1=" " ind2=" ">
    <subfield code="a">29</subfield>
  </datafield>
  <datafield tag="630" ind1=" " ind2=" ">
    <subfield code="a">Aprendizaje</subfield>
  </datafield>
  <datafield tag="650" ind1=" " ind2=" ">
    <subfield code="a">Aprendizaje</subfield>
  </datafield>
  <datafield tag="690" ind1=" " ind2=" ">
    <subfield code="a">Copiado sin cambios</subfield>
  </datafield>
  <datafield tag="700" ind1=" " ind2=" ">
    <subfield code="e">asesor</subfield>
    <subfield code="a">De L&#xE1;ncer, V&#xED;ctor Hugo</subfield>
  </datafield>
  <datafield tag="700" ind1=" " ind2=" ">
    <subfield code="e">autor</subfield>
    <subfield code="a">Escoto, Mariela</subfield>
  </datafield>
  <datafield tag="700" ind1=" " ind2=" ">
    <subfield code="e">autor</subfield>
    <subfield code="a">Mu&#xF1;oz, Carmelo</subfield>
  </datafield>
  <datafield tag="700" ind1=" " ind2=" ">
    <subfield code="e">autor</subfield>
    <subfield code="a">L&#xF3;pez Ceballos, Alexis</subfield>
  </datafield>
  <datafield tag="901" ind1=" " ind2=" ">
    <subfield code="a">{"1":"Escoto","2":"Mu&#xF1;oz","3":"L&#xF3;pez Ceballos"}</subfield>
    <subfield code="b">{"1":"Mariela","2":"Carmelo","3":"Alexis"}</subfield>
  </datafield>
  <datafield tag="902" ind1=" " ind2=" ">
    <subfield code="a">1</subfield>
  </datafield>
  <datafield tag="903" ind1=" " ind2=" ">
    <subfield code="a">{"1":"De L&#xE1;ncer"}</subfield>
    <subfield code="b">{"1":"V&#xED;ctor Hugo"}</subfield>
  </datafield>
  <datafield tag="904" ind1=" " ind2=" ">
    <subfield code="a">Maestr&#xED;a en</subfield>
  </datafield>
  <datafield tag="905" ind1=" " ind2=" ">
    <subfield code="a">Educaci&#xF3;n Superior</subfield>
  </datafield>
  <datafield tag="906" ind1=" " ind2=" ">
    <subfield code="a">2</subfield>
  </datafield>
  <datafield tag="907" ind1=" " ind2=" ">
    <subfield code="a">NO APLICA</subfield>
  </datafield>
  <datafield tag="908" ind1=" " ind2=" ">
    <subfield code="a">NO APLICA</subfield>
  </datafield>
  <datafield tag="909" ind1=" " ind2=" ">
    <subfield code="a">Universidad Iberoamericana (UNIBE)</subfield>
  </datafield>
  <datafield tag="910" ind1=" " ind2=" ">
    <subfield code="a">NULL</subfield>
    <subfield code="b">NULL</subfield>
  </datafield>
  <datafield tag="911" ind1=" " ind2=" ">
    <subfield code="a">["1"]</subfield>
  </datafield>
  <datafield tag="912" ind1=" " ind2=" ">
    <subfield code="a">NO APLICA</subfield>
  </datafield>
  <datafield tag="913" ind1=" " ind2=" ">
    <subfield code="a">NULL</subfield>
  </datafield>
  <datafield tag="914" ind1=" " ind2=" ">
    <subfield code="a">01 de Junio de 2005</subfield>
  </datafield>
  <datafield tag="915" ind1=" " ind2=" ">
    <subfield code="a">11/03/15 02:03</subfield>
  </datafield>
  <datafield tag="916" ind1=" " ind2=" ">
    <subfield code="a">NULL</subfield>
  </datafield>
  <datafield tag="917" ind1=" " ind2=" ">
    <subfield code="a">NULL</subfield>
  </datafield>
  <datafield tag="918" ind1=" " ind2=" ">
    <subfield code="a">NO APLICA</subfield>
  </datafield>
  <datafield tag="919" ind1=" " ind2=" ">
    <subfield code="a">["18"]</subfield>
  </datafield>
  <datafield tag="520" ind1=" " ind2=" ">
    <subfield code="a">El espacio que se dispone para la pr&#xE1;ctica activa de las estrategias de ense&#xF1;anza y proceso de aprendizaje, debe tener condiciones especiales, que permitan, que el docente y el discente sienta su primera motivaci&#xF3;n en la comodidad y el confort de tener un ambiente sano, amplio y sin contaminaci&#xF3;n, para que &#xE9;stos individuos puedan recibir con amor y agrado el pan de la ense&#xF1;anza.Despu&#xE9;s de conocer la importancia del espacio f&#xED;sico, arquitect&#xF3;nico y las inversiones que hace la Universidad para mejorar la calidad y tener una competitividad en el mercado educacional con sus egresados. Esta investigaci&#xF3;n tiene como objetivo principal, identificar el nivel de satisfacci&#xF3;n emocional que produce el espacio arquitect&#xF3;nico de las cl&#xED;nicas de Odontolog&#xED;a, en el aprendizaje estudiantil.Vale la pena investigar este problema, porque as&#xED; determinaremos la capacidad del estudiante de la cl&#xED;nica, para adaptarse a diferentes situaciones ambientales y c&#xF3;mo se desarrolla su aprendizaje, a expensas de los elementos distractores que existen el espacio arquitect&#xF3;nico.Por lo tanto, podemos decir, que los ambientes pueden ser comprensibles, flexibles y predictivos, para que sean m&#xE1;s susceptibles de cambiar o controlar los elementos que influyen en la generaci&#xF3;n de estr&#xE9;s. Para poder dar un mejor confort f&#xED;sico, debemos excluir el ruido ambiental, la temperatura del aire y la iluminaci&#xF3;n, evitar la presencia de ventanas y adecuar los tama&#xF1;os de los espacios y mobiliario.</subfield>
  </datafield>
  <datafield tag="921" ind1=" " ind2=" ">
    <subfield code="a">16</subfield>
  </datafield>
  <datafield tag="922" ind1=" " ind2=" ">
    <subfield code="a">16</subfield>
  </datafield>
  <datafield tag="923" ind1=" " ind2=" ">
    <subfield code="a">0</subfield>
  </datafield>
  <datafield tag="924" ind1=" " ind2=" ">
    <subfield code="a">NO APLICA</subfield>
  </datafield>
  <datafield tag="942" ind1=" " ind2=" ">
    <subfield code="c">Tesis</subfield>
  </datafield>
  <datafield tag="999" ind1=" " ind2=" ">
    <subfield code="c">1130</subfield>
    <subfield code="d">1130</subfield>
  </datafield>
</record>
